| 000 | 02154cam a22003495a 4500 | ||
|---|---|---|---|
| 001 | L137430 | ||
| 002 | 11541 | ||
| 008 | 070405s2007 xxk f 001 0 eng d | ||
| 020 | _a042195020 | ||
| 035 | _a(Sirsi) u137430 | ||
| 041 | 0 | _aeng | |
| 050 | 0 | 4 | _a306.52 $2 18 |
| 100 | 1 | _aHunter, Caroline | |
| 245 | 0 | 0 |
_aPrivate sector housing _bregulating conditions |
| 260 |
_aLondon _bSweet and Maxwell _c2007 |
||
| 300 |
_axxxiii, 537p. _c24cm. |
||
| 350 | _a85.00 | ||
| 505 | 2 | _aKey concepts -- Housing health and safety rating system -- Inspection and assessment of hazards -- Enforcement action -- Emergency action -- Criminal offences, direct action by the authority, charges and expenses and other powers -- Appeals against HHSRS enforcement -- Defining houses in multiple occupation -- licensing of HMOs -- licensing of other residential accommodation -- Appeals against licensing decisions -- Management orders -- Empty dwelling management orders -- Other HMO powers -- Hearings before the residential property tribunal | |
| 520 | _aDiscusses the powers, functions and duties of local authorities, and the provisions of the Housing Act 2004 in relation to the housing health and safety rating system. Discusses the standards required of landlords, selective licensing and appeals. Describes the legislation relating to private sector housing regulation. | ||
| 590 | _aKA | ||
| 650 | 2 | 4 | _aHOUSING ACT 2004 |
| 650 | 2 | 4 | _aREGULATORY REFORM (HOUSING ASSISTANCE) (ENGLAND AND WALES) ORDER 2002 |
| 650 | 2 | 4 | _aHOUSING HEALTH AND SAFETY RATING SYSTEM (ENGLAND) REGULATIONS 2005 |
| 650 | 2 | 4 | _aHOUSING (EMPTY DWELLING MANAGEMENT ORDERS) (PRESCRIBED EXCEPTIONS AND REQUIREMENTS) (ENGLAND) ORDER 2006 |
| 650 | 2 | 4 | _aHOUSING (MANAGEMENT ORDERS AND EMPTY DWELLING MANAGEMENT ORDERS) (SUPPLEMENTAL PROVISIONS) (ENGLAND) REGULATIONS 2006 |
| 650 | 2 | 4 | _aHOUSING (INTERIM MANAGEMENT ORDERS) (PRESCRIBED CIRCUMSTANCES) (ENGLAND ) ORDER 2006 |
| 650 | 2 | 4 | _aMANAGEMENT OF HOUSES IN MULTIPLE OCCUPATION (ENGLAND) REGULATIONS 2006 |
| 651 | 4 |
_aEngland and Wales _y1543- |
|
| 690 |
_aResidential property _96266 |
||
| 700 | 1 | _aDymond, Andrew | |
| 942 | _n0 | ||
| 999 |
_c106776 _d106776 |
||